How to live with them, since you can't live without them. (Record no. 16961)

000 -LEADER
fixed length control field 00525nam a2200169 a 4500
001 - CONTROL NUMBER
control field :::00020306$&:&@@
003 - CONTROL NUMBER IDENTIFIER
control field OkBaRHE
005 - DATE AND TIME OF LATEST TRANSACTION
control field 20020212171255.0
008 - FIXED-LENGTH DATA ELEMENTS--GENERAL INFORMATION
fixed length control field s1998 j 000 0 eng u
040 ## - CATALOGING SOURCE
Transcribing agency
100 1# - MAIN ENTRY--PERSONAL NAME
Personal name Tirabassi, Becky and Roger
245 10 - TITLE STATEMENT
Title How to live with them, since you can't live without them.
260 ## - PUBLICATION, DISTRIBUTION, ETC. (IMPRINT)
Place of publication, distribution, etc Nashville, TN
Name of publisher, distributor, etc Thomas Nelson
Date of publication, distribution, etc 1998
300 ## - PHYSICAL DESCRIPTION
Extent 175 p.
942 ## - ADDED ENTRY ELEMENTS (KOHA)
Source of classification or shelving scheme
Koha item type Books
Copies
Date last seen Price effective from Not for loan Date acquired Withdrawn status Source of classification or shelving scheme Lost status Full call number Permanent Location Koha item type Damaged status Shelving location Copy number Barcode
2010-04-142010-04-14 2010-04-14   HQ 801 .T497RHEMA Bible Training CollegeBooks General Stacks120306